000 00718nam a22001937a 4500
008 161006b xxu||||| |||| 00| 0 eng d
020 _a0814662072
040 _aKABU
_cKABU
050 _aBX1407
_b.N4M34 2004 C.1
100 _aMcGann, Mary E.
245 _aA precious fountain
_bmusic in the worship of an African American catholic community
_cby Mary E. McGann and edited by E. Saliers
260 _aMinnesota
_bLiturgical press
_c2004
300 _axxxiv, 326 p.
650 _2African American catholics
650 _2Catholic church
_vLiturgy
_zUnited States
650 _2Catholic church
_vHymns
_zUnited States
700 _aSaliers, E.
942 _2lcc
_cBK
_hBX1407 .N4M34 2004 C.1
999 _c16160
_d16160